000 00284nam a22001337a 4500
008 181019b xxu||||| |||| 00| 0 eng d
020 _a9780136175803
041 _aeng
080 _a701
100 _a44
101 _aART
245 _aPhotography
_cHorenstein,H
942 _2udc
_cBK
999 _c50267
_d50267